Apuntes para la historia de Villafranca de los Barros (Badajoz) / (Record no. 41146)

MARC details
000 -LEADER
campo de control de longitud fija 00576nam a2200181 i 4500
001 - NÚMERO DE CONTROL
campo de control 41146
003 - IDENTIFICADOR DE NÚMERO DE CONTROL
campo de control ES-MaACL
005 - FECHA Y HORA DE LA ÚLTIMA TRANSACCIÓN
campo de control 20250804063400.0
007 - CAMPO FIJO DE DESCRIPCIÓN FÍSICA--INFORMACIÓN GENERAL
campo de control de longitud fija t|
008 - DATOS DE LONGITUD FIJA--INFORMACIÓN GENERAL
campo de control de longitud fija 030310s1904 sp ||||1| spa d
100 1# - ENTRADA PRINCIPAL--NOMBRE DE PERSONA
Nombre de persona Cascales Muñoz, José,
Fechas asociadas al nombre 1865-1933
9 (RLIN) 36269
245 10 - MENCIÓN DEL TÍTULO
Título Apuntes para la historia de Villafranca de los Barros (Badajoz) /
Mención de responsabilidad, etc. José Cascales Muñoz.
260 ## - PUBLICACIÓN, DISTRIBUCIÓN, ETC.
Lugar de publicación, distribución, etc. Madrid :
Nombre del editor, distribuidor, etc. Fortanet,
Fecha de publicación, distribución, etc. 1904.
300 ## - DESCRIPCIÓN FÍSICA
Extensión XXIV, 128 p. ;
Dimensiones 19 cm.
651 #4 - PUNTO DE ACCESO ADICIONAL DE MATERIA--NOMBRE GEOGRÁFICO
Nombre geográfico Villafranca de los Barros-
Subdivisión general Historia.
9 (RLIN) 150160
852 ## - LOCALIZACIÓN
Ubicación ES-MaACL
Número de control de estantería F-8690
Holdings
Estatus retirado Estado de pérdida Estado de daño No para préstamo Biblioteca de origen Biblioteca actual Ubicación en estantería Fecha de adquisición Fuente de adquisición Total de préstamos Signatura topográfica completa Código de barras Visto por última vez Precio de reemplazo Tipo de ítem Koha
        Biblioteca del Ateneo de Madrid Biblioteca del Ateneo de Madrid Sala Pecera Planta 2 17/01/2008     F-8690 1043319 23/02/2023 23/02/2023 Libro impreso